| 000 | 00482nam a2200157 a 4500 | ||
|---|---|---|---|
| 001 | 000037457 | ||
| 005 | 20200930080359.0 | ||
| 008 | 120418s1997 dr a 000 0 spa d | ||
| 040 |
_aDO-SdBNP _bspa _cBNPHU |
||
| 245 | 0 | 0 | _aPerfil de inversión de guayabas. |
| 260 |
_aSanto Domingo : _bJAD, _c1997. |
||
| 300 |
_a39 p. : _bil. ; _c25 cm. |
||
| 490 | 1 |
_aDocumentos técnicos _v4 |
|
| 710 | 2 | 2 |
_aJunta Agroempresarial Dominicana, (JAD) _963903 |
| 830 | 0 |
_aDocumentos técnicos ; _n4 _963908 |
|
| 999 |
_c36947 _d36947 |
||